000 00581nam a22001697a 4500
005 20251108174607.0
008 250721s2007 xx 000 0 ara d
082 1 4 _a956.402/مدن
100 1 _aالمدني، محمد نمر
_eمؤلف
245 1 0 _aالهولوكوست المحرم : المحرقة و فلسفة الإبادة عند اليهود /
264 1 _aدمشق :
_bدار قتيبة للطباعة و النشر و التوزيع،
_c2007.
300 _a320 ص.
650 1 7 _aاسراايل
650 1 7 _aالمحرقه
942 _2ddc
_cBK
999 _c113117
_d113117